<?xml version="1.0" encoding="UTF-8"?>
<record
    xmlns:xsi="http://www.w3.org/2001/XMLSchema-instance"
    xsi:schemaLocation="http://www.loc.gov/MARC21/slim http://www.loc.gov/standards/marcxml/schema/MARC21slim.xsd"
    xmlns="http://www.loc.gov/MARC21/slim">

  <leader>01104nam a22002295i 4500</leader>
  <controlfield tag="001">160004</controlfield>
  <controlfield tag="003">ES-MaACL</controlfield>
  <controlfield tag="005">20250716063317.0</controlfield>
  <controlfield tag="008">021029s1878    sp           |||| | spa d</controlfield>
  <datafield tag="100" ind1="1" ind2=" ">
    <subfield code="a">Montaldo y Per&#xF3;, Federico,</subfield>
    <subfield code="d">1859-1912</subfield>
    <subfield code="e">aut</subfield>
    <subfield code="9">82342</subfield>
  </datafield>
  <datafield tag="245" ind1="1" ind2="0">
    <subfield code="a">Discursos le&#xED;dos en la sesi&#xF3;n inaugural del curso 1878 a 79 en el Ateneo de Alumnos Internos de la Facultad de Medicina de Madrid / </subfield>
    <subfield code="c">por Federico Montaldo y Per&#xF3; y Agust&#xED;n Garc&#xED;a Andradas.</subfield>
  </datafield>
  <datafield tag="260" ind1=" " ind2=" ">
    <subfield code="a">Madrid : </subfield>
    <subfield code="b">[s.n.], </subfield>
    <subfield code="c">1878</subfield>
    <subfield code="f">(Imp. de &#xC1;lvarez Hermanos)</subfield>
  </datafield>
  <datafield tag="300" ind1=" " ind2=" ">
    <subfield code="a">37 p&#xE1;ginas ; </subfield>
    <subfield code="c">21 cm.</subfield>
  </datafield>
  <datafield tag="650" ind1=" " ind2="4">
    <subfield code="a">Medicina-</subfield>
    <subfield code="v">Historia</subfield>
    <subfield code="9">14907</subfield>
  </datafield>
  <datafield tag="655" ind1=" " ind2="4">
    <subfield code="2">tgfbne</subfield>
    <subfield code="9">234367</subfield>
    <subfield code="a">Discursos acad&#xE9;micos</subfield>
  </datafield>
  <datafield tag="700" ind1="1" ind2=" ">
    <subfield code="a">Garc&#xED;a Andradas, Agust&#xED;n</subfield>
    <subfield code="e">aut</subfield>
    <subfield code="9">152895</subfield>
  </datafield>
  <datafield tag="710" ind1="2" ind2=" ">
    <subfield code="a">Ateneo de los Alumnos Internos de la Facultad de Medicina de Madrid.</subfield>
    <subfield code="e">isb</subfield>
    <subfield code="9">151183</subfield>
  </datafield>
  <datafield tag="852" ind1=" " ind2=" ">
    <subfield code="a">ES-MaACL</subfield>
    <subfield code="c">DEPOF</subfield>
    <subfield code="g">Dedicatoria ms. del autor a Laureano Figuerola</subfield>
    <subfield code="h">Donativo Bosch </subfield>
    <subfield code="j">T-1270-F-1  </subfield>
    <subfield code="x">Enc. en un vol. facticio</subfield>
    <subfield code="x">Holandesa conservando cub. original</subfield>
  </datafield>
  <datafield tag="942" ind1=" " ind2=" ">
    <subfield code="2">udc</subfield>
    <subfield code="c">FOLLETOS</subfield>
    <subfield code="n">0</subfield>
  </datafield>
  <datafield tag="999" ind1=" " ind2=" ">
    <subfield code="c">160004</subfield>
    <subfield code="d">160004</subfield>
  </datafield>
  <datafield tag="952" ind1=" " ind2=" ">
    <subfield code="0">0</subfield>
    <subfield code="1">0</subfield>
    <subfield code="2">udc</subfield>
    <subfield code="4">0</subfield>
    <subfield code="7">0</subfield>
    <subfield code="8">Colecci&#xF3;n_de_folletos</subfield>
    <subfield code="a">ATENEOM</subfield>
    <subfield code="b">ATENEOM</subfield>
    <subfield code="c">DEPOF</subfield>
    <subfield code="d">2008-01-17</subfield>
    <subfield code="e">DONACION</subfield>
    <subfield code="l">0</subfield>
    <subfield code="o">T-1270-F-1</subfield>
    <subfield code="p">1167509</subfield>
    <subfield code="r">2023-02-23 00:00:00</subfield>
    <subfield code="y">FOLLETOS</subfield>
  </datafield>
</record>
